| 000 | 00545nam a2200193Ia 4500 | ||
|---|---|---|---|
| 003 | GCL | ||
| 008 | 140319s9999 xx 000 0 eng d | ||
| 040 |
_aGCL / _cGCL |
||
| 082 | 0 | 4 |
_aCC _b493.2 _bS B |
| 100 | 1 | _aSOBHY, G. P. | |
| 245 | 1 | 0 |
_aTHE BOOK OF THE PROVERBS OF SOLOMAN IN THE DIALECT OF UPPER EGYPT / _cSOBHY, G. P. |
| 260 |
_a[S.N] : _bUNIVERSTY OF EGYPT ، _c1927 |
||
| 650 | 0 | 4 | _aPROVERBS |
| 650 | 0 | 4 | _aOLD TESTAMENT |
| 650 | 0 | 4 | _aCOPTIC LANGUAGE |
| 650 | 0 | 4 | _aBOHAIRIC PROVERBS |
| 650 | 0 | 4 | _aSAHIDIC (DIALECT) |
| 942 |
_2ddc _cBK |
||
| 999 |
_c20437 _d20437 |
||